<?xml version="1.0" encoding="UTF-8"?>
<record
    xmlns:xsi="http://www.w3.org/2001/XMLSchema-instance"
    xsi:schemaLocation="http://www.loc.gov/MARC21/slim http://www.loc.gov/standards/marcxml/schema/MARC21slim.xsd"
    xmlns="http://www.loc.gov/MARC21/slim">

  <leader>00523nam a22001337a 4500</leader>
  <datafield tag="040" ind1=" " ind2=" ">
    <subfield code="c">RUA</subfield>
  </datafield>
  <datafield tag="082" ind1=" " ind2=" ">
    <subfield code="a">AGI NAI B512 2015 Or.1</subfield>
  </datafield>
  <datafield tag="100" ind1=" " ind2=" ">
    <subfield code="a">NAI RATHANA; &#x178E;&#x17C3;&#x200B; &#x179A;&#x178F;&#x1793;&#x17B6;</subfield>
  </datafield>
  <datafield tag="245" ind1=" " ind2=" ">
    <subfield code="a">Differential Absorbance(DA)Non-Invasive Quality Evalution Using Differential Absorbance On Tomato; &#x1780;&#x17B6;&#x179A;&#x179C;&#x17B6;&#x1799;&#x178F;&#x1798;&#x17D2;&#x179B;&#x17C3;&#x1782;&#x17BB;&#x178E;&#x1797;&#x17B6;&#x1796;&#x178A;&#x17C4;&#x1799;&#x1780;&#x17B6;&#x179A;&#x1794;&#x17D2;&#x179A;&#x17BE;&#x1794;&#x17D2;&#x179A;&#x17B6;&#x179F;&#x17CB;&#x17A7;&#x1794;&#x1780;&#x179A;&#x178E;&#x17CD;</subfield>
  </datafield>
  <datafield tag="260" ind1=" " ind2=" ">
    <subfield code="a">Phnom Penh</subfield>
    <subfield code="b">RUA</subfield>
    <subfield code="c">2015</subfield>
  </datafield>
  <datafield tag="300" ind1=" " ind2=" ">
    <subfield code="a">ix; 44p;</subfield>
    <subfield code="b">ill;</subfield>
    <subfield code="c">29cm;</subfield>
  </datafield>
  <datafield tag="856" ind1=" " ind2=" ">
    <subfield code="u">NAI RATHANA</subfield>
  </datafield>
  <datafield tag="942" ind1=" " ind2=" ">
    <subfield code="c">AGI</subfield>
  </datafield>
  <datafield tag="999" ind1=" " ind2=" ">
    <subfield code="c">10379</subfield>
    <subfield code="d">10379</subfield>
  </datafield>
  <datafield tag="952" ind1=" " ind2=" ">
    <subfield code="0">0</subfield>
    <subfield code="1">0</subfield>
    <subfield code="2">ddc</subfield>
    <subfield code="4">0</subfield>
    <subfield code="6">AGI_NAI_B512_2015_000000000000000_OR_1</subfield>
    <subfield code="7">0</subfield>
    <subfield code="9">53183</subfield>
    <subfield code="a">LBB</subfield>
    <subfield code="b">LBB</subfield>
    <subfield code="c">B512</subfield>
    <subfield code="d">2016-10-20</subfield>
    <subfield code="o">AGI NAI B512 2015 Or.1</subfield>
    <subfield code="p">rua062015</subfield>
    <subfield code="r">2016-10-20</subfield>
    <subfield code="w">2016-10-20</subfield>
    <subfield code="y">AGI</subfield>
  </datafield>
  <datafield tag="952" ind1=" " ind2=" ">
    <subfield code="0">0</subfield>
    <subfield code="1">0</subfield>
    <subfield code="2">ddc</subfield>
    <subfield code="4">0</subfield>
    <subfield code="6">AGI_NAI_B512_2015_000000000000000_OR_2</subfield>
    <subfield code="7">0</subfield>
    <subfield code="9">53184</subfield>
    <subfield code="a">LBB</subfield>
    <subfield code="b">LBB</subfield>
    <subfield code="c">B512</subfield>
    <subfield code="d">2016-10-20</subfield>
    <subfield code="o">AGI NAI B512 2015 Or.`2</subfield>
    <subfield code="p">a00202</subfield>
    <subfield code="r">2016-10-20</subfield>
    <subfield code="w">2016-10-20</subfield>
    <subfield code="y">AGI</subfield>
  </datafield>
  <datafield tag="952" ind1=" " ind2=" ">
    <subfield code="0">0</subfield>
    <subfield code="1">0</subfield>
    <subfield code="2">ddc</subfield>
    <subfield code="4">0</subfield>
    <subfield code="6">AGI_NAI_B512_2015_000000000000000_OR_3</subfield>
    <subfield code="7">0</subfield>
    <subfield code="9">53185</subfield>
    <subfield code="a">LBB</subfield>
    <subfield code="b">LBB</subfield>
    <subfield code="c">B512</subfield>
    <subfield code="d">2016-10-20</subfield>
    <subfield code="o">AGI NAI B512 2015 Or.3</subfield>
    <subfield code="p">a01921</subfield>
    <subfield code="r">2016-10-20</subfield>
    <subfield code="w">2016-10-20</subfield>
    <subfield code="y">AGI</subfield>
  </datafield>
  <datafield tag="952" ind1=" " ind2=" ">
    <subfield code="0">0</subfield>
    <subfield code="1">0</subfield>
    <subfield code="2">ddc</subfield>
    <subfield code="4">0</subfield>
    <subfield code="6">AGI_NAI_B512_2015_000000000000000_OR_4</subfield>
    <subfield code="7">0</subfield>
    <subfield code="9">53186</subfield>
    <subfield code="a">LBB</subfield>
    <subfield code="b">LBB</subfield>
    <subfield code="c">B512</subfield>
    <subfield code="d">2016-10-20</subfield>
    <subfield code="l">2</subfield>
    <subfield code="m">1</subfield>
    <subfield code="o">AGI NAI B512 2015 Or.4</subfield>
    <subfield code="p">a00149</subfield>
    <subfield code="r">2021-02-23</subfield>
    <subfield code="s">2021-02-10</subfield>
    <subfield code="w">2016-10-20</subfield>
    <subfield code="y">AGI</subfield>
  </datafield>
  <datafield tag="952" ind1=" " ind2=" ">
    <subfield code="0">0</subfield>
    <subfield code="1">0</subfield>
    <subfield code="2">ddc</subfield>
    <subfield code="4">0</subfield>
    <subfield code="6">AGI_NAI_B512_2015_000000000000000_OR_5</subfield>
    <subfield code="7">0</subfield>
    <subfield code="9">53187</subfield>
    <subfield code="a">LBB</subfield>
    <subfield code="b">LBB</subfield>
    <subfield code="c">B512</subfield>
    <subfield code="d">2016-10-20</subfield>
    <subfield code="o">AGI NAI B512 2015 Or.5</subfield>
    <subfield code="p">a02402</subfield>
    <subfield code="r">2016-10-20</subfield>
    <subfield code="w">2016-10-20</subfield>
    <subfield code="y">AGI</subfield>
  </datafield>
  <datafield tag="952" ind1=" " ind2=" ">
    <subfield code="0">0</subfield>
    <subfield code="1">0</subfield>
    <subfield code="2">ddc</subfield>
    <subfield code="4">0</subfield>
    <subfield code="6">AGI_NAI_B512_2015_000000000000000_OR_6</subfield>
    <subfield code="7">0</subfield>
    <subfield code="9">53188</subfield>
    <subfield code="a">LBB</subfield>
    <subfield code="b">LBB</subfield>
    <subfield code="c">B512</subfield>
    <subfield code="d">2016-10-20</subfield>
    <subfield code="l">1</subfield>
    <subfield code="o">AGI NAI B512 2015 Or.6</subfield>
    <subfield code="p">a00055</subfield>
    <subfield code="r">2021-02-23</subfield>
    <subfield code="s">2021-02-10</subfield>
    <subfield code="w">2016-10-20</subfield>
    <subfield code="y">AGI</subfield>
  </datafield>
  <datafield tag="952" ind1=" " ind2=" ">
    <subfield code="0">0</subfield>
    <subfield code="1">0</subfield>
    <subfield code="2">ddc</subfield>
    <subfield code="4">0</subfield>
    <subfield code="6">AGI_NAI_B512_2015_000000000000000_OR_7</subfield>
    <subfield code="7">0</subfield>
    <subfield code="9">53189</subfield>
    <subfield code="a">LBB</subfield>
    <subfield code="b">LBB</subfield>
    <subfield code="c">B512</subfield>
    <subfield code="d">2016-10-20</subfield>
    <subfield code="o">AGI NAI B512 2015 Or.7</subfield>
    <subfield code="p">a02806</subfield>
    <subfield code="r">2016-10-20</subfield>
    <subfield code="w">2016-10-20</subfield>
    <subfield code="y">AGI</subfield>
  </datafield>
  <datafield tag="952" ind1=" " ind2=" ">
    <subfield code="0">0</subfield>
    <subfield code="1">0</subfield>
    <subfield code="2">ddc</subfield>
    <subfield code="4">0</subfield>
    <subfield code="6">AGI_NAI_B512_2015_000000000000000_OR_8</subfield>
    <subfield code="7">0</subfield>
    <subfield code="9">61671</subfield>
    <subfield code="a">LBB</subfield>
    <subfield code="b">LBB</subfield>
    <subfield code="d">2017-08-11</subfield>
    <subfield code="o">AGI NAI B512 2015 Or.8</subfield>
    <subfield code="p">A02252</subfield>
    <subfield code="r">2017-08-11</subfield>
    <subfield code="w">2017-08-11</subfield>
    <subfield code="y">AGI</subfield>
  </datafield>
</record>
